<?xml version="1.0" encoding="UTF-8"?>
<record
    xmlns:xsi="http://www.w3.org/2001/XMLSchema-instance"
    xsi:schemaLocation="http://www.loc.gov/MARC21/slim http://www.loc.gov/standards/marcxml/schema/MARC21slim.xsd"
    xmlns="http://www.loc.gov/MARC21/slim">

  <leader>01532nam a22003017a 4500</leader>
  <datafield tag="999" ind1=" " ind2=" ">
    <subfield code="c">21803</subfield>
    <subfield code="d">21803</subfield>
  </datafield>
  <controlfield tag="003">AR-CdUCM</controlfield>
  <controlfield tag="008">190425b           ||||| |||| 00| 0 spa d</controlfield>
  <datafield tag="040" ind1=" " ind2=" ">
    <subfield code="a">MUNICIPALIDAD PROVINCIAL DEL CUSCO</subfield>
    <subfield code="c">BIBLIOTECA MUNICIPAL DEL CUSCO</subfield>
  </datafield>
  <datafield tag="082" ind1=" " ind2=" ">
    <subfield code="a">Rev.Allp/N&#xB0;2/1970</subfield>
  </datafield>
  <datafield tag="110" ind1=" " ind2=" ">
    <subfield code="a">Instituto de Pastoral Andina</subfield>
    <subfield code="9">12766</subfield>
  </datafield>
  <datafield tag="245" ind1=" " ind2=" ">
    <subfield code="a">Allpanchis Phuturinqa :</subfield>
    <subfield code="b">Revista Anual /</subfield>
  </datafield>
  <datafield tag="260" ind1=" " ind2=" ">
    <subfield code="a">Cusco :</subfield>
    <subfield code="b">Garcilaso,</subfield>
    <subfield code="c">1970.</subfield>
  </datafield>
  <datafield tag="300" ind1=" " ind2=" ">
    <subfield code="a">255 p&#xE1;ginas. :</subfield>
    <subfield code="b">ilustraciones,</subfield>
    <subfield code="c">20 cm.</subfield>
  </datafield>
  <datafield tag="440" ind1=" " ind2=" ">
    <subfield code="a">Revista del Instituto de Pastoral Andina Cusco</subfield>
    <subfield code="n">A&#xF1;o [ ], [ ] semestre de 1970, N&#xB0;2. Vol. II</subfield>
    <subfield code="9">46164</subfield>
  </datafield>
  <datafield tag="505" ind1=" " ind2=" ">
    <subfield code="a">Contenido: La religiosidad en Qollana. Andree Michaud. -- Apuntes sobre el mundo sobrenatural de Llavini. Mariano C&#xE1;ceres Olazo. -- La imagen de Dios en Urcos. Manuel Marzal. -- El mundo sobrenatural de los quechuas del Sur del Per&#xFA; a trav&#xE9;s de la comunidad de Qotobamba. Juan V&#xED;ctor N&#xFA;&#xF1;ez del Prado. -- El mundo sobrenatural en una comunidad. Juvenal Casaverde Rojas. -- Algunos conceptos filos&#xF3;ficos de la cosmovisi&#xF3;n del ind&#xED;gena quechua.</subfield>
  </datafield>
  <datafield tag="650" ind1=" " ind2=" ">
    <subfield code="a">Cultura andina</subfield>
    <subfield code="9">46160</subfield>
  </datafield>
  <datafield tag="650" ind1=" " ind2=" ">
    <subfield code="a">Antropolog&#xED;a cusque&#xF1;a</subfield>
    <subfield code="9">45862</subfield>
  </datafield>
  <datafield tag="650" ind1=" " ind2=" ">
    <subfield code="a">Religiosidad andina</subfield>
    <subfield code="9">44127</subfield>
  </datafield>
  <datafield tag="650" ind1=" " ind2=" ">
    <subfield code="a">Constumbres y tradiciones</subfield>
    <subfield code="9">46161</subfield>
  </datafield>
  <datafield tag="700" ind1=" " ind2=" ">
    <subfield code="a">N&#xFA;&#xF1;ez del Prado, Juan V&#xED;ctor</subfield>
    <subfield code="9">32852</subfield>
  </datafield>
  <datafield tag="700" ind1=" " ind2=" ">
    <subfield code="a">Marzal, Manuel</subfield>
    <subfield code="9">46162</subfield>
  </datafield>
  <datafield tag="700" ind1=" " ind2=" ">
    <subfield code="a">Tamayo Herrera, Jos&#xE9;</subfield>
    <subfield code="9">11513</subfield>
  </datafield>
  <datafield tag="700" ind1=" " ind2=" ">
    <subfield code="a">Casaverde Rojas, Juvenal</subfield>
    <subfield code="9">46165</subfield>
  </datafield>
  <datafield tag="700" ind1=" " ind2=" ">
    <subfield code="a">C&#xE1;ceres Olazo, Mariano</subfield>
    <subfield code="9">46166</subfield>
  </datafield>
  <datafield tag="700" ind1=" " ind2=" ">
    <subfield code="a">Michaud, Andree</subfield>
    <subfield code="9">46167</subfield>
  </datafield>
  <datafield tag="942" ind1=" " ind2=" ">
    <subfield code="2">ddc</subfield>
    <subfield code="c">PP</subfield>
  </datafield>
  <datafield tag="945" ind1=" " ind2=" ">
    <subfield code="a">rac</subfield>
  </datafield>
  <datafield tag="952" ind1=" " ind2=" ">
    <subfield code="0">0</subfield>
    <subfield code="2">ddc</subfield>
    <subfield code="4">0</subfield>
    <subfield code="7">0</subfield>
    <subfield code="a">HEM</subfield>
    <subfield code="b">HEM</subfield>
    <subfield code="c">CART</subfield>
    <subfield code="d">2021-08-10</subfield>
    <subfield code="g">10.00</subfield>
    <subfield code="o">Rev.Allp/N&#xB0;2/1970</subfield>
    <subfield code="p">REVC000267</subfield>
    <subfield code="r">2021-08-10</subfield>
    <subfield code="y">PP</subfield>
  </datafield>
  <datafield tag="952" ind1=" " ind2=" ">
    <subfield code="0">0</subfield>
    <subfield code="2">ddc</subfield>
    <subfield code="4">0</subfield>
    <subfield code="7">0</subfield>
    <subfield code="a">HEM</subfield>
    <subfield code="b">HEM</subfield>
    <subfield code="c">CART</subfield>
    <subfield code="d">2021-08-10</subfield>
    <subfield code="g">10.00</subfield>
    <subfield code="o">Rev.Allp/N&#xB0;2/1970/e.2</subfield>
    <subfield code="p">REVC000268</subfield>
    <subfield code="r">2021-08-10</subfield>
    <subfield code="y">PP</subfield>
  </datafield>
  <datafield tag="952" ind1=" " ind2=" ">
    <subfield code="0">0</subfield>
    <subfield code="2">ddc</subfield>
    <subfield code="4">0</subfield>
    <subfield code="7">0</subfield>
    <subfield code="a">HEM</subfield>
    <subfield code="b">HEM</subfield>
    <subfield code="c">CART</subfield>
    <subfield code="d">2021-08-10</subfield>
    <subfield code="g">10.00</subfield>
    <subfield code="o">Rev.Allp/N&#xB0;2/1970/e.3</subfield>
    <subfield code="p">REVC000269</subfield>
    <subfield code="r">2021-08-10</subfield>
    <subfield code="y">PP</subfield>
  </datafield>
</record>
